Airlines with the 777 - Statistics

General Stats
  • This quiz has been taken 3,259 times
    3,257 since last reset
  • The average score is 23 of 62
Answer Stats
Answer % Correct
American Airlines
91%
Emirates
88%
British Airways
87%
United
86%
Delta Air Lines
83%
Air France
81%
Qatar Airways
76%
Japan Airlines
72%
Air China
71%
Air Canada
69%
Etihad Airways
69%
KLM
69%
All Nippon Airways
68%
Singapore Airlines
68%
Aeroflot
66%
China Southern
64%
Air India
63%
Korean Air
61%
Air New Zealand
58%
Thai Airways
56%
Turkish Airlines
55%
Cathay Pacific
50%
Malaysia Airlines
49%
Alitalia
45%
Asiana Airlines
44%
AeroMéxico
43%
Ethiopian Airlines
42%
Garuda Indonesia
40%
Saudia
40%
EgyptAir
36%
EVA Air
35%
El Al
34%
Austrian Airlines
32%
Vietnam Airlines
29%
Pakistan International Airlines
26%
TAM Airlines
26%
Kuwait Airways
24%
DHL Aviation
22%
FedEx Express
22%
Philippine Airlines
18%
Virgin Australia
17%
Jet Airways
15%
Kenya Airways
13%
TAAG Angola Airlines
13%
Biman Bangladesh Airlines
12%
Lufthansa Cargo
12%
AeroLogic
10%
Air Austral
10%
Scoot
10%
Turkmenistan Airlines
10%
China Cargo Airlines
5%
LAN Cargo
5%
Nordwind Airlines
5%
TNT Airways
5%
Transaero Airlines
5%
Abu Dhabi Amiri Flight
4%
CEIBA Intercontinental
4%
Omni Air
4%
Southern Air
4%
EuroAtlantic Airways
3%
Orenair
3%
Mid East Jet
2%
No matching quizzes found
Score Distribution
Percent of People with Each Score
Percentile by Number Answered
Your Score History
You have not taken this quiz since the last reset